Zählen Sie so Hoch wie Sie Können - Ein-Minute-Sprint - Statistiken

Allgemein
  • Dieses Quiz wurde 1.287 mal gespielt
  • Das Durchschnittsergebnis liegt bei 76 aus 200
Antwortstatistiken
# % Korrekt
1
100%
2
100%
3
99%
4
99%
5
99%
6
99%
7
98%
8
98%
9
98%
10
97%
11
96%
12
95%
13
95%
14
94%
15
94%
16
94%
17
94%
18
94%
19
94%
20
93%
21
93%
22
93%
23
93%
24
92%
25
92%
26
92%
27
92%
28
92%
29
92%
30
92%
31
92%
32
91%
33
91%
34
91%
35
91%
36
91%
37
90%
38
90%
39
90%
40
89%
41
89%
42
89%
43
88%
44
87%
45
87%
46
87%
47
86%
48
86%
49
85%
50
84%
51
83%
52
83%
53
82%
54
82%
55
81%
56
80%
57
79%
58
78%
59
77%
60
76%
61
75%
62
74%
63
73%
64
71%
65
70%
66
69%
67
67%
68
66%
69
65%
70
63%
71
60%
72
59%
73
58%
74
57%
75
56%
76
56%
77
55%
78
53%
79
52%
80
49%
81
47%
82
47%
83
46%
84
45%
85
44%
86
43%
87
42%
88
40%
89
38%
90
36%
91
34%
92
33%
93
32%
94
31%
95
30%
96
29%
97
28%
98
28%
99
26%
100
24%
101
21%
102
19%
103
17%
104
14%
105
13%
106
12%
107
12%
108
10%
109
9%
110
9%
111
8%
112
6%
113
6%
114
5%
115
5%
116
4%
117
4%
118
3%
119
3%
120
3%
121
2%
122
2%
123
2%
124
2%
125
1%
126
1%
127
1%
128
1%
129
1%
130
1%
131
1%
132
1%
133
1%
134
1%
135
1%
136
1%
137
1%
138
1%
139
1%
140
0%
141
0%
142
0%
143
0%
144
0%
145
0%
146
0%
147
0%
148
0%
149
0%
150
0%
151
0%
152
0%
153
0%
154
0%
155
0%
156
0%
157
0%
158
0%
159
0%
160
0%
161
0%
162
0%
163
0%
164
0%
165
0%
166
0%
167
0%
168
0%
169
0%
170
0%
171
0%
172
0%
173
0%
174
0%
175
0%
176
0%
177
0%
178
0%
179
0%
180
0%
181
0%
182
0%
183
0%
184
0%
185
0%
186
0%
187
0%
188
0%
189
0%
190
0%
191
0%
192
0%
193
0%
194
0%
195
0%
196
0%
197
0%
198
0%
199
0%
200
0%
Keine übereinstimmenden Quizze gefunden
Verteilung der Resultate
Anzahl Personen mit jedem Resultat
Perzentil nach korrekt beantworteten Fragen
Ihre Resultats-Entwicklung
Sie haben dieses Quiz noch nicht gespielt